00933nam a2200229 a 4500001001000000005001700010008004100027041000800068044000800076050002100084245008300105260006300188300003800251500020000289500000900489504004100498650003500539650006000574700002100634700002100655700002700676BRCA_497520190320204902.0721019s1957 nyua#####b---#000-0#eng-# aeng anyu 4aN5247b.M63 195710aModern painting, drawing & sculptureccollected by Louise and Joseph Pulitzer. aNueva YorkbPresident and Fellows of Harvard Collegec1957 a101 p.bil., 62 láminasc28 cm. aCatálogo de la exposición realizada en Knoedler and Company (Nueva York), 9 abril - 4 mayo y en Fogg Art Museum (Cambridge), 16 mayo - 15 septiembre, 1957. Catálogo de Charles Scott Chetham aDD18 aIncluye referencias bibliográficas14aArtexColecciones particulares14aArtevExposicionesxGalerías y museoszEstados Unidos1 aPulitzer, Joseph1 aPulitzer, Louise1 aChetham, Charles Scott